000 00802nam a2200229 a 4500
001 BRCA_2609
005 20190320203904.0
008 281108s1928----enka---###---#000-0#eng-#
084 _aNE654.D9
_b.G85 1928
245 1 0 _aGuide to woodcuts, drawings, and engravings of Albrecht Dürer
_cBritish Museum.
260 _aLondon
_bBritish Museum
_c1928
300 _a47 p.
_bil.
_c25 cm.
500 _aIn the departament of paints and drawings exhibited in comentaration of rhe fourth centenrar of rhe artists death on april 6th 1528
500 _aA84
600 1 4 _aDurer, Albrecht
_d1471-1528
_948
650 1 4 _aPintores alemanes
_9797
650 1 4 _aGrabados en madera
_97446
650 1 4 _aGrabadores alemanes
_97216
650 1 4 _aGalerías y museos
_zInglaterra
_97447
902 _aGFM
942 _2lcc
_cB
999 _c2349
_d2349